Conservation principles (Record no. 108815)
[ view plain ]
| 000 -LEADER | |
|---|---|
| fixed length control field | 01765cad a22002655a 4500 |
| 001 - CONTROL NUMBER | |
| control field | L145515 |
| 008 - FIXED-LENGTH DATA ELEMENTS--GENERAL INFORMATION | |
| fixed length control field | 081017s2008 xxko f 000 0 eng d |
| 035 ## - SYSTEM CONTROL NUMBER | |
| System control number | (Sirsi) u145515 |
| 041 0# - LANGUAGE CODE | |
| Language code of text/sound track or separate title | eng |
| 050 04 - LIBRARY OF CONGRESS CALL NUMBER | |
| Classification number | 690.241 $2 18 |
| 110 2# - MAIN ENTRY--CORPORATE NAME | |
| Corporate name or jurisdiction name as entry element | English Heritage |
| 9 (RLIN) | 2714 |
| 245 00 - TITLE STATEMENT | |
| Title | Conservation principles |
| Remainder of title | policies and guidance for the sustainable management of the historic environment |
| Medium | [electronic resource] |
| 260 ## - PUBLICATION, DISTRIBUTION, ETC. | |
| Place of publication, distribution, etc. | Swindon |
| Name of publisher, distributor, etc. | English Heritage |
| Date of publication, distribution, etc. | 2008 |
| 505 2# - FORMATTED CONTENTS NOTE | |
| Formatted contents note | Overview -- Introduction -- Conservations principles -- Understanding heritage values -- Assessing heritage significance -- Managing change to significant places -- English heritage conservation policies and guidance -- Conclusion -- Definitions |
| 520 ## - SUMMARY, ETC. | |
| Summary, etc. | Develops English Heritage's decision making approach and guidance principles on all aspects of conservation of the historic environment. Aims to help the organisation keep a consistent approach in its role of Government's statutory advisor on English historic environment. The principles set out in this publication serve as a theoretical basis for the new Heritage Protection Bill. |
| 590 ## - LOCAL NOTE (RLIN) | |
| Local note | KA |
| 651 #4 - SUBJECT ADDED ENTRY--GEOGRAPHIC NAME | |
| Geographic name | England |
| Chronological subdivision | 886- |
| 690 ## - LOCAL SUBJECT ADDED ENTRY--TOPICAL TERM (OCLC, RLIN) | |
| Topical term or geographic name as entry element | BUILT ENVIRONMENT-BUILDING MAINTENANCE AND REFURBISHMENT-BUILDING CONSERVATION |
| 690 ## - LOCAL SUBJECT ADDED ENTRY--TOPICAL TERM (OCLC, RLIN) | |
| Topical term or geographic name as entry element | BUILT ENVIRONMENT-BUILDING TYPES-ANCIENT MONUMENTS AND HISTORIC BUILDINGS |
| 690 ## - LOCAL SUBJECT ADDED ENTRY--TOPICAL TERM (OCLC, RLIN) | |
| Topical term or geographic name as entry element | ENVIRONMENTAL AND LAND CONSULTANCY-ENVIRONMENTAL MANAGEMENT-ENVIRONMENTAL CONSERVATION |
| 700 1# - ADDED ENTRY--PERSONAL NAME | |
| Personal name | Drury, Paul |
| 700 1# - ADDED ENTRY--PERSONAL NAME | |
| Personal name | McPherson, Anna |
| 856 40 - ELECTRONIC LOCATION AND ACCESS | |
| Uniform Resource Identifier | <a href="https://www.english-heritage.org.uk/publications/conservation-principles-sustainable-management-historic-environment/conservationprinciplespoliciesguidanceapr08web.pdf">https://www.english-heritage.org.uk/publications/conservation-principles-sustainable-management-historic-environment/conservationprinciplespoliciesguidanceapr08web.pdf</a> |
| Public note | View the item free of charge at www.english-heritage.org.uk |
| 942 ## - ADDED ENTRY ELEMENTS (KOHA) | |
| Suppress in OPAC | 0 |
| Withdrawn status | Lost status | Source of classification or shelving scheme | Damaged status | Not for loan | Home library | Current library | Shelving location | Date acquired | Total Checkouts | Full call number | Barcode | Date last seen | Copy number | Price effective from | Koha item type |
|---|---|---|---|---|---|---|---|---|---|---|---|---|---|---|---|
| Dewey Decimal Classification | Virtual | Virtual | Online | 17/10/2008 | ONLINE PUBLICATION | 145515-2001 | 06/08/2019 | 1 | 06/08/2019 | Book |